000 01163cam a2200289 a 4500
001 1671617
005 20151113113723.0
008 980710s1999 ilu b 001 0 eng
010 _a 98035104
020 _a0226505383 (hardcover : alk. paper)
020 _a0226505391 (pbk. : alk. paper)
040 _aDLC
_cDLC
_dDLC
041 1 _aeng
_hfre
050 0 0 _aB1878.M5
_bM3713 1999
082 0 0 _a110/.92
_221
100 1 _aMarion, Jean-Luc,
_d1946-
_98771
240 1 0 _aSur le prisme métaphysique de Descartes.
_lEnglish
245 1 0 _aOn Descartes' metaphysical prism :
_bthe constitution and the limits of onto-theo-logy in Cartesian thought /
_cJean-Luc Marion ; translated by Jeffrey L. Kosky.
260 _aChicago :
_bUniversity of Chicago Press,
_c1999.
300 _axvii, 370 p. ;
_c24 cm.
504 _aIncludes bibliographical references (p. 353-356) and index.
600 1 0 _aDescartes, René,
_d1596-1650.
_94894
650 0 _aMetaphysics.
_921102
906 _a7
_bcbc
_corignew
_d1
_eocip
_f19
_gy-gencatlg
942 _2lcc
_cMONOGRAPH
999 _c123792
_d123792